Scotland Trivia/Quiz Questions - Statistics

General Stats
  • This quiz has been taken 15 times
  • The average score is 13 of 15
Answer Stats
Hint Answer % Correct
What is the capital city of Scotland? Edinburgh
100%
What is the only country to border Scotland? England
100%
What is the most widely spoken language? English
100%
What is the largest city in Scotland Glasgow
100%
What Loch is the largest in Scotland by volume? Loch Ness
100%
What sport is played at BT Murrayfield? Rugby
100%
What is the national animal of Scotland? Unicorn
100%
What is the tallest mountain in Scotland? Ben Nevis
93%
What sport was invented in Scotland? Golf
93%
Which political party currently rules Scotland? SNP
93%
Who defeated the English at the battle of Stirling Bridge? William Wallace
87%
What is the name for the Scottish flag? Saltire
80%
What is the longest river in Scotland? Tay
73%
Who's wall marked the border between Scotland and England? Hadrian's Wall
53%
What is the King's official residence in Scotland? Holyrood Palace
53%
No matching quizzes found
Score Distribution
Percent of People with Each Score
Percentile by Number Answered
Your Score History
You have not taken this quiz